| 000 | 00949nam a22002417a 4500 | ||
|---|---|---|---|
| 003 | BD-RjUL | ||
| 005 | 20230909154347.0 | ||
| 008 | 230909s2021 bg a|||| m||| 00| 0 eng d | ||
| 035 | _a(BD-RjUL) | ||
| 040 |
_aBD-RjUL _beng _cBD-RjUL _dBD-RjUL |
||
| 041 | _aeng | ||
| 082 |
_223 _a578.0120954924 _bRAT 2021 |
||
| 100 |
_aRani, Rony _98848 |
||
| 245 | 1 | 0 |
_aTaxonomic diversity of angiosperms in Rajshahi region / _cBy Rony, Rani ; _6Supervisor : A.H.M. Mahbubur Rahman, Co-Supervisor : A.K.M. Rafiul Islam |
| 260 |
_aRajshahi : _bDepartment of Botany, University of Rajshahi, _c2021 |
||
| 300 |
_axi, 461 leaves : _bill, ; _c29.cm. |
||
| 502 | _aThesis (Ph. D.) -- Department of Botany, University of Rajshahi, 2021 | ||
| 504 | _aReferences : Leaves 437 - 461 | ||
| 650 |
_aTaxonomic _vRajshahi _zBangladesh _98849 |
||
| 700 |
_aRahman, A.H.M. Mahbubur, Supervisor _98850 |
||
| 700 |
_aIslam. A.K.M. Rafiul, Co-Supervisor _95935 |
||
| 942 |
_2ddc _cTHE |
||
| 999 |
_c81872 _d81872 |
||